Name All NFL, NBA, MLB, NHL, and MLS teams - Statistics

General Stats
  • This quiz has been taken 41 times
  • The average score is 89 of 153
Answer Stats
City and Team Name % Correct
Milwaukee Bucks
85%
Boston Celtics
81%
Chicago Bears
81%
Cincinnati Reds
81%
Detroit Lions
81%
Golden State Warriors
81%
Los Angeles Lakers
81%
Miami Dolphins
81%
New England Patriots
81%
New York Giants
81%
New York Jets
81%
San Francisco Giants
81%
Winnipeg Jets
81%
Boston Red Sox
78%
Brooklyn Nets
78%
Charlotte Hornets
78%
Cleveland Cavaliers
78%
Dallas Cowboys
78%
Dallas Mavericks
78%
Detroit Pistons
78%
Houston Rockets
78%
Kansas City Chiefs
78%
Los Angeles Kings
78%
Miami Heat
78%
Orlando Magic
78%
Sacramento Kings
78%
Tampa Bay Buccaneers
78%
Washington Commanders
78%
Arizona Cardinals
74%
Atlanta Hawks
74%
Carolina Panthers
74%
Chicago Bulls
74%
Chicago White Sox
74%
Denver Broncos
74%
Denver Nuggets
74%
Florida Panthers
74%
Los Angeles Clippers
74%
New York Knicks
74%
Oklahoma City Thunder
74%
Philadelphia Eagles
74%
Phoenix Suns
74%
San Antonio Spurs
74%
San Francisco 49ers
74%
Seattle Seahawks
74%
St. Louis Cardinals
74%
Toronto Raptors
74%
Washington Wizards
74%
Baltimore Ravens
70%
Cleveland Browns
70%
Green Bay Packers
70%
Houston Texans
70%
Indiana Pacers
70%
Indianapolis Colts
70%
Jacksonville Jaguars
70%
Las Vegas Raiders
70%
Los Angeles Chargers
70%
Memphis Grizzlies
70%
Minnesota Timberwolves
70%
New Orleans Pelicans
70%
New Orleans Saints
70%
New York Yankees
70%
Philadelphia 76ers
70%
Atlanta Falcons
67%
Chicago Cubs
67%
Cincinnati Bengals
67%
Minnesota Vikings
67%
New York Rangers
67%
Portland Trailblazers
67%
Tennessee Titans
67%
Texas Rangers
67%
Utah Jazz
67%
Buffalo Bills
63%
Los Angeles Dodgers
63%
Los Angeles Rams
63%
New York Mets
63%
Pittsburgh Steelers
63%
Anaheim Ducks
59%
Detroit Tigers
59%
San Jose Sharks
59%
Boston Bruins
56%
Cleveland Guardians
56%
Dallas Stars
56%
Houston Astros
56%
New York Islanders
56%
Pittsburgh Penguins
56%
Seattle Kraken
56%
St. Louis Blues
56%
Toronto Blue Jays
56%
Washington Capitals
56%
Arizona Coyotes
52%
Atlanta Braves
52%
Baltimore Orioles
52%
Buffalo Sabres
52%
Chicago Blackhawks
52%
Edmonton Oilers
52%
Minnesota Wild
52%
Montreal Canadiens
52%
Ottawa Senators
52%
Philadelphia Flyers
52%
Pittsburgh Pirates
52%
Tampa Bay Lightning
52%
Toronto Maple Leafs
52%
Arizona Diamondbacks
48%
Calgary Flames
48%
Carolina Hurricanes
48%
Chicago Fire
48%
Columbus Blue Jackets
48%
Detroit Red Wings
48%
Inter Miami
48%
Kansas City Royals
48%
Los Angeles Angels
48%
Miami Marlins
48%
Milwaukee Brewers
48%
New Jersey Devils
48%
Philadelphia Phillies
48%
San Diego Padres
48%
Seattle Mariners
48%
Tampa Bay Rays
48%
Vancouver Canucks
48%
Vegas Golden Knights
48%
Washington Nationals
48%
Colorado Avalanche
44%
Colorado Rockies
44%
Minnesota Twins
44%
Nashville Predators
44%
D.C. United
41%
LA Galaxy
41%
Columbus Crew
33%
New York Red Bulls
33%
Toronto FC
33%
Vancouver Whitecaps
33%
Atlanta United
30%
Houston Dynamo
30%
New York City FC
30%
Oakland A's
30%
Portland Timbers
30%
CF Montreal
26%
Charlotte FC
26%
Los Angeles FC
26%
Minnesota United
26%
Nashville SC
26%
New England Revolution
26%
Orlando City
26%
Philadelphia Union
26%
Seattle Sounders
26%
Sporting Kansas City
26%
Austin FC
22%
Colorado Rapids
22%
FC Dallas
22%
Real Salt Lake
22%
FC Cincinnati
19%
San Jose Earthquakes
19%
St. Louis City
19%
No matching quizzes found
Score Distribution
Percent of People with Each Score
Percentile by Number Answered
Your Score History
You have not taken this quiz